Algorithmic Information Theory Mathematics of Digital Information /

This book treats the Mathematics of many important areas in digital information processing. It covers, in a unified presentation, five topics: Data Compression, Cryptography, Sampling (Signal Theory), Error Control Codes, Data Reduction. The thematic choices are practice-oriented. So, the important...

Πλήρης περιγραφή

Λεπτομέρειες βιβλιογραφικής εγγραφής
Κύριος συγγραφέας: Seibt, Peter (Συγγραφέας)
Συγγραφή απο Οργανισμό/Αρχή: SpringerLink (Online service)
Μορφή: Ηλεκτρονική πηγή Ηλ. βιβλίο
Γλώσσα:English
Έκδοση: Berlin, Heidelberg : Springer Berlin Heidelberg, 2006.
Σειρά:Signals and Communication Technology,
Θέματα:
Διαθέσιμο Online:Full Text via HEAL-Link
LEADER 02783nam a22005535i 4500
001 978-3-540-33219-0
003 DE-He213
005 20151204143246.0
007 cr nn 008mamaa
008 100715s2006 gw | s |||| 0|eng d
020 |a 9783540332190  |9 978-3-540-33219-0 
024 7 |a 10.1007/978-3-540-33219-0  |2 doi 
040 |d GrThAP 
050 4 |a QA76.9.A43 
072 7 |a PBKS  |2 bicssc 
072 7 |a COM051300  |2 bisacsh 
082 0 4 |a 518.1  |2 23 
100 1 |a Seibt, Peter.  |e author. 
245 1 0 |a Algorithmic Information Theory  |h [electronic resource] :  |b Mathematics of Digital Information /  |c by Peter Seibt. 
264 1 |a Berlin, Heidelberg :  |b Springer Berlin Heidelberg,  |c 2006. 
300 |a VI, 443 p.  |b online resource. 
336 |a text  |b txt  |2 rdacontent 
337 |a computer  |b c  |2 rdamedia 
338 |a online resource  |b cr  |2 rdacarrier 
347 |a text file  |b PDF  |2 rda 
490 1 |a Signals and Communication Technology,  |x 1860-4862 
505 0 |a Data Compaction -- Cryptography -- Information Theory and Signal Theory: Sampling and Reconstruction -- Error Control Codes -- Data Reduction: Lossy Compression. 
520 |a This book treats the Mathematics of many important areas in digital information processing. It covers, in a unified presentation, five topics: Data Compression, Cryptography, Sampling (Signal Theory), Error Control Codes, Data Reduction. The thematic choices are practice-oriented. So, the important final part of the book deals with the Discrete Cosine Transform and the Discrete Wavelet Transform, acting in image compression. The presentation is dense, the examples and numerous exercises are concrete. The pedagogic architecture follows increasing mathematical complexity. A read-and-learn book on Concrete Mathematics, for teachers, students and practitioners in Electronic Engineering, Computer Science and Mathematics. 
650 0 |a Mathematics. 
650 0 |a Coding theory. 
650 0 |a Computer science  |x Mathematics. 
650 0 |a Algorithms. 
650 0 |a Applied mathematics. 
650 0 |a Engineering mathematics. 
650 0 |a Complexity, Computational. 
650 1 4 |a Mathematics. 
650 2 4 |a Algorithms. 
650 2 4 |a Appl.Mathematics/Computational Methods of Engineering. 
650 2 4 |a Complexity. 
650 2 4 |a Coding and Information Theory. 
650 2 4 |a Signal, Image and Speech Processing. 
650 2 4 |a Discrete Mathematics in Computer Science. 
710 2 |a SpringerLink (Online service) 
773 0 |t Springer eBooks 
776 0 8 |i Printed edition:  |z 9783540332183 
830 0 |a Signals and Communication Technology,  |x 1860-4862 
856 4 0 |u http://dx.doi.org/10.1007/978-3-540-33219-0  |z Full Text via HEAL-Link 
912 |a ZDB-2-SMA 
950 |a Mathematics and Statistics (Springer-11649)